Globálny rozvoj digitálnych mien a blockchain technológie a ich vplyv na svetovú ekonomiku bakalárska práca

Salvato in:
Dettagli Bibliografici
Autore principale: Sarybekian, Vazghen
Ente Autore: Fakulta medzinárodných vzťahov EU. Katedra medzinárodných ekonomických vzťahov a hospodárskej diplomacie
Altri autori: Pernický, Jakub, 1998-
Natura: Libro
Lingua:slovacco
Pubblicazione: Bratislava 2023
Tags: Aggiungi Tag
Nessun Tag, puoi essere il primo ad aggiungerne!!

MARC

LEADER 00000nbm a2200000 4500
001 0293191
005 20240606092054.0
041 0 |a slo 
044 |a SK 
245 1 0 |a Globálny rozvoj digitálnych mien a blockchain technológie a ich vplyv na svetovú ekonomiku  |b bakalárska práca  |c Vazghen Sarybekian ; školiteľ: Jakub Pernický 
264 1 |a Bratislava  |c 2023 
300 |a 54 s. 
100 1 |a Sarybekian, Vazghen 
700 1 |a Pernický, Jakub, 1998- 
710 2 |a Fakulta medzinárodných vzťahov EU. Katedra medzinárodných ekonomických vzťahov a hospodárskej diplomacie